[Event "Hasselbacken Open 2016"]
[Site "Stockholm SWE"]
[Date "2016.05.08"]
[Round "9.11"]
[White "Liang, Awonder"]
[Black "Landa, Konstantin"]
[Result "1-0"]
[WhiteTitle "IM"]
[BlackTitle "GM"]
[WhiteElo "2410"]
[BlackElo "2618"]
[WhiteFideId "2056437"]
[BlackFideId "4101685"]
[EventDate "2016.04.30"]

1. e4 c6 2. Nc3 d5 3. Nf3 Nf6 4. e5 Ne4 5. h3 e6 6. Qe2 Nxc3 7. dxc3 Qb6 8. c4
Qb4+ 9. c3 Qxc4 10. Qxc4 dxc4 11. Bxc4 b6 12. Bd3 Nd7 13. Be4 Bb7 14. Be3 Bc5
15. Bf4 a5 16. Nd4 Rc8 17. O-O-O Be7 18. h4 h6 19. Bf3 Nc5 20. Be3 Nd7 21. Nxe6
fxe6 22. Bh5+ Kd8 23. Bxb6+ Rc7 24. Bf7 Kc8 25. Bxe6 Rd8 26. Rxd7 1-0

[Event "Hasselbacken Open 2016"]
[Site "Stockholm SWE"]
[Date "2016.05.08"]
[Round "9.12"]
[White "Maze, Sebastien"]
[Black "Cramling, Dan"]
[Result "1-0"]
[WhiteTitle "GM"]
[BlackTitle "IM"]
[WhiteElo "2617"]
[BlackElo "2354"]
[WhiteFideId "613762"]
[BlackFideId "1700162"]
[EventDate "2016.04.30"]

1. e4 c5 2. Nf3 e6 3. d4 cxd4 4. Nxd4 a6 5. c4 Nf6 6. Nc3 d6 7. Be2 g6 8. Be3
Bg7 9. Nb3 O-O 10. Qd2 Qc7 11. Rd1 Rd8 12. e5 Ne8 13. Na4 Nd7 14. exd6 Qc6 15.
Qa5 b6 16. Nxb6 Nxb6 17. Qxb6 Bb7 18. Na5 1-0

[Event "Hasselbacken Open 2016"]
[Site "Stockholm SWE"]
[Date "2016.05.08"]
[Round "9.13"]
[White "Mareco, Sandro"]
[Black "Christiansen, Johan-Sebastian"]
[Result "1-0"]
[WhiteTitle "GM"]
[BlackTitle "IM"]
[WhiteElo "2625"]
[BlackElo "2410"]
[WhiteFideId "112275"]
[BlackFideId "1512668"]
[EventDate "2016.04.30"]

1. Nf3 d5 2. c4 e6 3. g3 dxc4 4. Bg2 Nf6 5. Qa4+ Bd7 6. Qxc4 c5 7. Ne5 Qc7 8. d4
Bd6 9. O-O O-O 10. Rd1 Be8 11. Be3 Na6 12. Nc3 Rd8 13. f4 Bxe5 14. dxe5 Ng4 15.
Rxd8 Qxd8 16. Bf2 Nxf2 17. Kxf2 Qd4+ 18. Qxd4 cxd4 19. Ne4 f6 20. exf6 gxf6 21.
Nd6 Bc6 22. Bxc6 bxc6 23. Rc1 d3 24. exd3 Rb8 25. Nc4 Nb4 26. Ke2 Nxa2 27. Ra1
Nb4 28. Rxa7 Rd8 29. Re7 Rxd3 30. Rxe6 Rd4 31. Nd6 c5 32. Re8+ Kg7 33. Nf5+ Kf7
34. Nxd4 Kxe8 35. Nb3 Na6 36. Kd3 Kd7 37. Kc4 Kd6 38. Nd2 f5 39. Nf3 Nb4 40. Nh4
Ke6 41. b3 1-0

[Event "Hasselbacken Open 2016"]
[Site "Stockholm SWE"]
[Date "2016.05.08"]
[Round "9.14"]
[White "Onischuk, Vladimir"]
[Black "Hedman, Erik"]
[Result "1-0"]
[WhiteTitle "GM"]
[BlackTitle "FM"]
[WhiteElo "2620"]
[BlackElo "2354"]
[WhiteFideId "14114038"]
[BlackFideId "1702351"]
[EventDate "2016.04.30"]

1. e4 c5 2. Nf3 Nc6 3. Bb5 d6 4. Bxc6+ bxc6 5. O-O e5 6. c3 f5 7. d4 fxe4 8. Ng5
d5 9. dxe5 Qc7 10. Bf4 Bf5 11. Qa4 Qb7 12. Nd2 Qb5 13. Qc2 Ne7 14. c4 Qb6 15.
Be3 h6 16. Ngxe4 dxe4 17. Nxe4 Bxe4 18. Qxe4 g6 19. b4 Nf5 20. g4 Rg8 21. bxc5
Qa6 22. Rad1 Rg7 23. e6 h5 24. gxh5 gxh5+ 25. Kh1 Nxe3 26. fxe3 Bxc5 27. Qf5
Qxc4 28. Qxh5+ Ke7 29. Rd7+ Kxe6 30. Qf5# 1-0

[Event "Hasselbacken Open 2016"]
[Site "Stockholm SWE"]
[Date "2016.05.08"]
[Round "9.15"]
[White "Bok, Benjamin"]
[Black "Schneider, Stefan"]
[Result "1-0"]
[WhiteTitle "GM"]
[WhiteElo "2604"]
[BlackElo "2359"]
[WhiteFideId "1017063"]
[BlackFideId "1703013"]
[EventDate "2016.04.30"]

1. Nf3 Nf6 2. c4 Nc6 3. d4 e6 4. Nc3 Bb4 5. Qc2 d6 6. Bd2 O-O 7. a3 Bxc3 8. Bxc3
Qe7 9. e3 a5 10. b3 e5 11. d5 Nb8 12. Nd2 Ng4 13. h3 Nh6 14. Bd3 f5 15. O-O Nd7
16. f4 e4 17. Be2 Nf6 18. b4 a4 19. Bd4 Bd7 20. Nb1 Be8 21. Nc3 b6 22. Qd1 Bd7
23. Rc1 Nf7 24. Rf2 g6 25. Rb1 h6 26. b5 Kh7 27. Rb4 Rg8 28. Rxa4 Rxa4 29. Qxa4
g5 30. Qc2 g4 31. Bxf6 Qxf6 32. hxg4 Qg6 33. gxf5 Bxf5 34. Qd1 Qg3 35. Qd4 Qg6
36. Qd1 Qg3 37. Qd4 Qg6 38. Bd1 Nd8 39. Bc2 Re8 40. Qd2 Nb7 41. Qe1 Rg8 42. Rd2
Rg7 43. Qf2 Nc5 44. Qh4 Rg8 45. a4 Qg7 46. Nd1 Qg6 47. Kh2 Nd7 48. g3 Nf6 49.
Nf2 h5 50. Rd4 Re8 51. Qg5 Kg7 52. Qxg6+ Kxg6 53. Kg2 Kf7 54. Kf1 Re7 55. Bd1
Kg6 56. Rd2 Re8 57. Ra2 Ra8 58. Bc2 Ra5 59. Ra1 Kf7 60. Kg2 Kg6 61. Rh1 Ra8 62.
Rh4 Re8 63. Bd1 Ra8 64. Kf1 Rg8 65. Ke1 Ra8 66. Kd2 Rg8 67. Kc3 Ra8 68. Kd4 Re8
69. Bc2 Kf7 70. Rh1 Bh7 71. Bd1 Bg6 72. g4 hxg4 73. Nxg4 Ng8 74. Nh6+ Kf6 75.
Nxg8+ Rxg8 76. Bc2 Re8 77. Ra1 Kf5 78. a5 bxa5 79. Rxa5 Re7 80. Ra1 Kg4 81. Rg1+
Kf5 82. c5 dxc5+ 83. Kxc5 Kf6 84. Kd4 Re8 85. Ra1 Rb8 86. Ra6+ Kf7 87. Bxe4 1-0

[Event "Hasselbacken Open 2016"]
[Site "Stockholm SWE"]
[Date "2016.05.08"]
[Round "9.16"]
[White "Sagit, Rauan"]
[Black "Goganov, Aleksey"]
[Result "0-1"]
[WhiteTitle "FM"]
[BlackTitle "GM"]
[WhiteElo "2389"]
[BlackElo "2591"]
[WhiteFideId "1708376"]
[BlackFideId "24109959"]
[EventDate "2016.04.30"]

1. Nf3 d5 2. g3 c6 3. Bg2 Bg4 4. d3 Nd7 5. Nbd2 Ngf6 6. O-O e5 7. e4 dxe4 8.
dxe4 h6 9. Qe1 Bc5 10. Nc4 Qe7 11. Ne3 Be6 12. Nh4 g6 13. b3 O-O 14. Bb2 Rad8
15. Qe2 h5 16. c4 Bd4 17. Nef5 Bxf5 18. exf5 Bxb2 19. Qxb2 g5 20. Nf3 g4 21. Nh4
Nc5 22. Rad1 e4 23. Qe2 Rxd1 24. Rxd1 Rd8 25. Rxd8+ Qxd8 26. Qe3 Qd6 27. Bf1 b6
28. Qg5+ Kh7 29. Ng2 Nd3 30. Bxd3 exd3 31. Ne3 d2 32. Nd1 Qd4 33. Qe3 Qxe3 34.
Nxe3 Ne4 35. Nd1 Kg7 36. Kf1 Kf6 37. Ke2 Kxf5 38. f3 gxf3+ 39. Kxf3 a5 40. Ke3
b5 41. cxb5 cxb5 42. Kd4 Ng5 43. Ne3+ Ke6 44. h4 Nf3+ 45. Kc5 Ke5 46. Kxb5 Kd4
47. Nd1 Kd3 48. Kxa5 Ke2 49. Nc3+ Ke1 50. b4 Nd4 51. b5 Ne2 52. b6 Nxc3 53. b7
d1=Q 54. b8=Q Qa4+ 55. Kb6 Qb5+ 56. Kc7 Nd5+ 57. Kc8 Qxb8+ 58. Kxb8 Kf2 0-1

[Event "Hasselbacken Open 2016"]
[Site "Stockholm SWE"]
[Date "2016.05.08"]
[Round "9.17"]
[White "Rozentalis, Eduardas"]
[Black "Nihal, Sarin"]
[Result "0-1"]
[WhiteTitle "GM"]
[BlackTitle "FM"]
[WhiteElo "2584"]
[BlackElo "2351"]
[WhiteFideId "12800023"]
[BlackFideId "25092340"]
[EventDate "2016.04.30"]

1. e4 c5 2. Nf3 d6 3. d4 cxd4 4. Qxd4 a6 5. Be3 Nc6 6. Qb6 Qxb6 7. Bxb6 g6 8.
Nc3 Bg7 9. Nd5 Kf8 10. O-O-O Nf6 11. Nxf6 Bxf6 12. h3 Be6 13. a3 Kg7 14. g4 h6
15. Kb1 Rhc8 16. Be3 b5 17. g5 hxg5 18. Nxg5 Bc4 19. h4 Bxf1 20. Rdxf1 Rh8 21.
f4 Rh5 22. Nf3 Rah8 23. Bf2 e5 24. fxe5 Nxe5 25. Bg3 Nc4 26. c3 Bxh4 27. Bxh4
Rxh4 28. Rxh4 Rxh4 29. Nxh4 Nd2+ 30. Kc2 Nxf1 31. Kd3 Kf6 32. Nf3 g5 33. Ke2 g4
34. Nd4 Ng3+ 35. Ke3 Kg5 36. Nc6 f5 37. exf5 Nxf5+ 38. Kf2 g3+ 39. Kf3 Kh4 40.
Nb4 Kh3 41. Nd3 Nh4+ 42. Ke4 Kh2 43. Nf4 Kh1 44. b3 Ng6 45. Ne2 g2 46. c4 bxc4
47. bxc4 a5 48. a4 Ne7 49. Kd4 Kh2 50. Ke4 Nc8 51. Kd5 Nb6+ 52. Kxd6 Nxc4+ 53.
Kc5 Nb2 54. Kb5 Nd3 55. Kxa5 Nc1 56. Nxc1 g1=Q 57. Nb3 Qa7+ 58. Kb5 Qb7+ 59. Kc4
Qa6+ 60. Kb4 Kg3 61. a5 Kf4 62. Nc5 Qc6 63. a6 Ke5 0-1

[Event "Hasselbacken Open 2016"]
[Site "Stockholm SWE"]
[Date "2016.05.08"]
[Round "9.18"]
[White "Mihajlov, Sebastian"]
[Black "Stefansson, Hannes"]
[Result "0-1"]
[WhiteTitle "FM"]
[BlackTitle "GM"]
[WhiteElo "2343"]
[BlackElo "2581"]
[WhiteFideId "1512110"]
[BlackFideId "2300087"]
[EventDate "2016.04.30"]

1. d4 Nf6 2. c4 e6 3. Nf3 b6 4. g3 Ba6 5. Nbd2 d5 6. cxd5 exd5 7. Bg2 Bd6 8. O-O
O-O 9. Ne5 Re8 10. Ndc4 Be7 11. Bf4 Bb7 12. Rc1 Na6 13. e3 Ne4 14. Bxe4 dxe4 15.
h4 f6 16. Ng4 Nb4 17. Na3 Nd5 18. Nb5 c6 19. Nc3 Ba6 20. Re1 Nb4 21. Qb3+ Kh8
22. Red1 Nd3 23. Rc2 Qd7 24. Nh2 Bf8 25. Ne2 c5 26. dxc5 bxc5 27. g4 c4 28. Qc3
Bb4 29. Qxb4 Nxb4 30. Rxd7 Nxc2 31. Nc3 Ne1 32. h5 h6 33. Nf1 Bc8 34. Rc7 Bxg4
35. Rxc4 Bxh5 36. Nxe4 Be2 37. Ra4 Nf3+ 38. Kg2 Bxf1+ 39. Kxf3 Bb5 0-1

[Event "Hasselbacken Open 2016"]
[Site "Stockholm SWE"]
[Date "2016.05.08"]
[Round "9.19"]
[White "Donchenko, Alexander"]
[Black "Olund, Joar"]
[Result "1-0"]
[WhiteTitle "GM"]
[BlackTitle "FM"]
[WhiteElo "2573"]
[BlackElo "2339"]
[WhiteFideId "24603295"]
[BlackFideId "1714848"]
[EventDate "2016.04.30"]

1. d4 Nf6 2. c4 c5 3. d5 e6 4. Nc3 exd5 5. cxd5 d6 6. Nf3 g6 7. Bf4 a6 8. a4 Bg7
9. h3 O-O 10. e3 Qe7 11. Be2 Nbd7 12. O-O Ne8 13. Bg5 Bf6 14. Bh6 Bg7 15. Bxg7
Nxg7 16. Re1 Ne5 17. Nd2 Rb8 18. Rb1 Qh4 19. f4 Nd7 20. Nf3 Qe7 21. Qd2 f5 22.
Bd3 Nf6 23. b4 Ne4 24. Bxe4 fxe4 25. Ng5 c4 26. g4 h5 27. Qg2 hxg4 28. hxg4 Qd7
29. Ngxe4 Qxg4 30. Nxd6 Qh5 31. Rb2 Bg4 32. Qh2 Rbd8 33. Qxh5 gxh5 34. Nxb7 Rb8
35. Nc5 Rbe8 36. Rf2 Nf5 37. Ne6 Rf7 38. e4 Nh4 39. Ng5 Rb7 40. Rb1 Rg7 41. Kf1
Ng6 42. Ne6 Rf7 43. Ne2 Rb8 44. N2d4 c3 45. Nc6 c2 46. Rc1 1-0

[Event "Hasselbacken Open 2016"]
[Site "Stockholm SWE"]
[Date "2016.05.08"]
[Round "9.20"]
[White "Lokander, Martin"]
[Black "Vorobiov, Evgeny E."]
[Result "0-1"]
[WhiteTitle "FM"]
[BlackTitle "GM"]
[WhiteElo "2348"]
[BlackElo "2572"]
[WhiteFideId "1709569"]
[BlackFideId "4121341"]
[EventDate "2016.04.30"]

1. e4 c5 2. c3 Nf6 3. e5 Nd5 4. d4 cxd4 5. Nf3 Nc6 6. cxd4 d6 7. Bc4 Nb6 8. Bb5
dxe5 9. Nxe5 Bd7 10. Nc3 e6 11. O-O Rc8 12. Qf3 Nxe5 13. dxe5 Bxb5 14. Nxb5 Qd5
15. Nxa7 Qxf3 16. gxf3 Rc2 17. Be3 Nd5 18. Rfc1 Rxb2 19. Rab1 Rxb1 20. Rxb1 Bb4
21. a3 Bxa3 22. Rxb7 O-O 23. Nb5 Bb4 24. Nc7 Nxc7 25. Rxc7 Ra8 26. Kg2 h6 27. f4
Ba5 28. Ra7 Rxa7 29. Bxa7 Kh7 30. Kf3 Kg6 31. Kg4 h5+ 32. Kf3 Kf5 33. Be3 Bd8
34. h3 g5 35. fxg5 Bxg5 36. Bd4 Bf4 37. Bb6 Bxe5 38. Bc5 Bf4 39. Bb6 e5 40. Ba7
e4+ 41. Ke2 Kg5 42. f3 e3 43. Kf1 Kh4 44. Kg2 e2 45. Bf2+ Kg5 46. h4+ Kf5 47.
Be1 Be3 48. Kg3 Ke5 49. Bc3+ Kd5 50. f4 Ke4 51. f5 Kd3 52. Be1 Bd2 0-1

[Event "Hasselbacken Open 2016"]
[Site "Stockholm SWE"]
[Date "2016.05.08"]
[Round "9.21"]
[White "Tari, Aryan"]
[Black "Pratyusha, Bodda"]
[Result "1-0"]
[WhiteTitle "IM"]
[BlackTitle "WIM"]
[WhiteElo "2549"]
[BlackElo "2318"]
[WhiteFideId "1510045"]
[BlackFideId "5000629"]
[EventDate "2016.04.30"]

1. d4 d5 2. c4 c6 3. Nf3 Nf6 4. Nc3 e6 5. Bg5 h6 6. Bh4 dxc4 7. e4 g5 8. Bg3 b5
9. Be2 Bb7 10. h4 g4 11. Ne5 Nbd7 12. Nxd7 Qxd7 13. Be5 Be7 14. Qd2 Rh7 15. Qf4
Ng8 16. Qxg4 O-O-O 17. Rd1 h5 18. Qg3 f6 19. Bf4 Bb4 20. O-O Ne7 21. Qe3 Ba5 22.
Bh2 f5 23. Bf3 Bb6 24. Qc1 Ng6 25. Qg5 Rg7 26. exf5 exf5 27. d5 Ne5 28. Bxe5
Rxg5 29. dxc6 Bxc6 30. Rxd7 1-0

[Event "Hasselbacken Open 2016"]
[Site "Stockholm SWE"]
[Date "2016.05.08"]
[Round "9.22"]
[White "Urkedal, Frode"]
[Black "Aronsson, Marten"]
[Result "1/2-1/2"]
[WhiteTitle "IM"]
[WhiteElo "2549"]
[BlackElo "2304"]
[WhiteFideId "1506102"]
[BlackFideId "1724223"]
[EventDate "2016.04.30"]

1. d4 d5 2. c4 c6 3. Nf3 Nf6 4. Nc3 dxc4 5. a4 Bf5 6. e3 e6 7. Bxc4 Bb4 8. O-O
Nbd7 9. Nh4 Bg6 10. Nxg6 hxg6 11. h3 Qe7 12. e4 Bxc3 13. bxc3 Nxe4 14. Ba3 Nd6
15. d5 Nb6 16. Bb3 cxd5 17. a5 Nbc8 18. Bxd5 O-O 19. Bf3 Rd8 20. Ra2 Qc7 21. Rd2
Rb8 22. Re1 Qxc3 23. Re3 Qxa5 24. Bxd6 Nxd6 25. Rxd6 b5 26. Be2 b4 27. Bc4 Qc7
28. Rxd8+ Rxd8 29. Qg4 Qc5 30. Re4 a5 31. g3 Qc6 32. Bb3 a4 33. Rd4 Rxd4 34.
Qxd4 axb3 1/2-1/2

[Event "Hasselbacken Open 2016"]
[Site "Stockholm SWE"]
[Date "2016.05.08"]
[Round "9.23"]
[White "Risting, Eivind Olav"]
[Black "Blomqvist, Erik"]
[Result "0-1"]
[WhiteTitle "FM"]
[BlackTitle "GM"]
[WhiteElo "2175"]
[BlackElo "2515"]
[WhiteFideId "1517333"]
[BlackFideId "1709437"]
[EventDate "2016.04.30"]

1. d4 d5 2. c4 c6 3. cxd5 cxd5 4. Nc3 Nf6 5. Bf4 Nc6 6. e3 Bf5 7. Bd3 Bxd3 8.
Qxd3 e6 9. Nf3 Be7 10. O-O O-O 11. h3 Rc8 12. Rac1 a6 13. a3 Na5 14. Na4 Ne4 15.
b4 Nc4 16. Ne5 Ned6 17. Nxc4 Nxc4 18. Rc2 a5 19. Qb3 axb4 20. axb4 Qd7 21. Rb1
Ra8 22. Ra2 b6 23. Nc3 g5 24. Bg3 f5 25. Be5 Rfc8 26. Ne2 Ra7 27. Nc1 Rca8 28.
Rba1 Rxa2 29. Rxa2 Rxa2 30. Qxa2 Bxb4 31. Qa8+ Bf8 32. Bf6 h6 33. Nd3 Nd6 34.
Ne5 Qc8 35. Qa7 Qb7 36. Qxb7 Nxb7 37. Nc6 Kf7 38. Be5 Na5 39. Nxa5 bxa5 40. Bc7
Bb4 41. Kf1 a4 0-1

[Event "Hasselbacken Open 2016"]
[Site "Stockholm SWE"]
[Date "2016.05.08"]
[Round "9.24"]
[White "Nieminen, Kari"]
[Black "Smith, Axel"]
[Result "0-1"]
[BlackTitle "IM"]
[WhiteElo "2127"]
[BlackElo "2503"]
[WhiteFideId "500739"]
[BlackFideId "1707930"]
[EventDate "2016.04.30"]

1. e4 c5 2. Nf3 Nc6 3. Nc3 e5 4. Bc4 Be7 5. O-O Nf6 6. a3 O-O 7. d3 d6 8. h3 h6
9. Nh2 Be6 10. Ng4 Qd7 11. Nxf6+ Bxf6 12. Nd5 Bg5 13. c3 Bxc1 14. Rxc1 Rab8 15.
Qh5 b5 16. Ba2 Ne7 17. Nxe7+ Qxe7 18. Bxe6 fxe6 19. Qe2 a5 20. Rfd1 Qa7 21. Qe3
Rfc8 22. Rc2 b4 23. axb4 axb4 24. Rcd2 Qa5 25. c4 Rf8 26. Qe1 Ra8 27. b3 Qb6 28.
Rb1 Ra3 29. Qd1 Qa7 30. Rdb2 Ra8 31. Qg4 Qf7 32. Qd1 Qf4 33. g3 Qf6 34. Kg2 g5
35. Qg4 Kh7 36. Rh1 Ra2 37. Rhb1 R8a3 38. Qh5 Ra8 39. Qg4 Kg6 40. Qe2 R2a3 41.
Rh1 h5 42. Rhb1 Rf8 43. Rd1 Qe7 44. Rdb1 Qa7 45. Qd2 Qf7 46. Qe2 Rfa8 47. Qd2
Qe7 48. Qe2 Qa7 49. Qd2 Rf8 50. Rh1 Qf7 51. Qe2 Qf6 52. Rhb1 Ra7 53. Rd1 Rh8 54.
Rf1 Qf7 55. Rh1 Rha8 56. Rhb1 Kg7 57. Rf1 Rf8 58. Rfb1 Kf6 59. Qd2 Kg6 60. Qe2
Qe8 61. Qd1 Qf7 62. Qe2 Kg7 63. Qe3 Qg6 64. Qe2 Kf6 65. Ra2 Ra3 66. Qb2 Qf7 67.
Qe2 Rxa2 68. Qxa2 Kg6 69. Qe2 Ra8 70. Qd2 Ra3 71. Qe2 Qa7 72. Qf3 Ra2 73. Qe3
Qf7 74. Qe1 g4 75. hxg4 hxg4 76. Qe3 Qf6 77. Rh1 Qg5 78. Qe1 Qd2 79. Qf1 Qe2 80.
Rh8 Qf3+ 81. Kg1 Rd2 0-1

[Event "Hasselbacken Open 2016"]
[Site "Stockholm SWE"]
[Date "2016.05.08"]
[Round "9.25"]
[White "Almasi, Istvan"]
[Black "Efroimski, Marsel"]
[Result "1/2-1/2"]
[WhiteTitle "IM"]
[BlackTitle "WIM"]
[WhiteElo "2420"]
[BlackElo "2278"]
[WhiteFideId "701742"]
[BlackFideId "2810964"]
[EventDate "2016.04.30"]

1. Nf3 Nf6 2. c4 g6 3. Nc3 d5 4. cxd5 Nxd5 5. Qb3 Nb6 6. d4 Bg7 7. e4 Bg4 8.
Bb5+ c6 9. Ng5 O-O 10. Be2 Bxe2 11. Nxe2 N8d7 12. Qh3 h6 13. Nf3 h5 14. g4 Nf6
15. gxh5 Qc8 16. Qh4 Qg4 17. Qxg4 Nxg4 18. Rg1 Nf6 19. h6 Bh8 20. e5 Nh5 21. Ng3
Nxg3 22. Rxg3 c5 23. h4 cxd4 24. h5 Rac8 25. hxg6 fxg6 26. Rxg6+ Kh7 27. Rg3 Rf5
28. Ng5+ Kxh6 29. f4 Nd5 30. Ne6 Rh5 31. Rg1 Nb4 32. Nxd4 Kh7 33. Bd2 Nd3+ 34.
Kd1 Nxb2+ 35. Ke1 Nd3+ 36. Kd1 Nb2+ 37. Ke1 Nd3+ 38. Kd1 Nb2+ 1/2-1/2

[Event "Hasselbacken Open 2016"]
[Site "Stockholm SWE"]
[Date "2016.05.08"]
[Round "9.26"]
[White "Isetoft, Daniel"]
[Black "Akesson, Ralf"]
[Result "1-0"]
[BlackTitle "GM"]
[WhiteElo "2173"]
[BlackElo "2452"]
[WhiteFideId "1708996"]
[BlackFideId "1700120"]
[EventDate "2016.04.30"]

1. e4 c5 2. Nf3 Nc6 3. d4 cxd4 4. Nxd4 e6 5. Nc3 Qc7 6. g3 a6 7. Bg2 Nf6 8. O-O
Nxd4 9. Qxd4 Bc5 10. Bf4 d6 11. Qd2 h6 12. Rad1 e5 13. Be3 Bg4 14. Bxc5 dxc5 15.
f3 Be6 16. f4 O-O 17. Nd5 Bxd5 18. exd5 e4 19. Rfe1 Rfe8 20. c4 Qd6 21. Re3 b5
22. b3 Ra7 23. Rde1 Rae7 24. Qc2 h5 25. h4 bxc4 26. bxc4 Qd7 27. Bxe4 Qh3 28.
Bf5 Qxg3+ 29. Rxg3 Rxe1+ 30. Kf2 Rh1 31. Rh3 Ra1 32. Re3 Rb8 33. Re1 1-0

[Event "Hasselbacken Open 2016"]
[Site "Stockholm SWE"]
[Date "2016.05.08"]
[Round "9.27"]
[White "Wahlbom, Magnus"]
[Black "Anurag, Mhamal"]
[Result "1/2-1/2"]
[BlackTitle "IM"]
[WhiteElo "2223"]
[BlackElo "2421"]
[WhiteFideId "1700685"]
[BlackFideId "5024366"]
[EventDate "2016.04.30"]

1. e4 c5 2. Nf3 e6 3. d4 cxd4 4. Nxd4 a6 5. c4 Nf6 6. Bd3 Qb6 7. Nf3 Bc5 8. O-O
Ng4 9. Qe2 Nc6 10. Nc3 h5 11. Bf4 Nd4 12. Nxd4 Bxd4 13. Rad1 Qa5 14. Bc2 Bxc3
15. bxc3 e5 16. Bc1 Qxa2 17. h3 Nf6 18. f4 d6 19. Rxd6 Be6 20. fxe5 Nd7 21. Qf2
Qxc4 22. Bg5 Qc5 23. Qxc5 Nxc5 24. Rb6 Rc8 25. Rd1 O-O 26. Be7 Rfe8 27. Bd6 Bc4
28. Rdb1 Bb5 29. Rb4 Nd7 30. Rxb7 Rxc3 31. Bb3 Nxe5 32. Bxe5 Rxe5 33. Bxf7+ Kh7
34. Rb6 Rg5 35. Rb2 Bc6 36. Bd5 Bb5 37. Rf2 Rxh3 38. Rf8 Rhg3 39. Bg8+ Kh8 40.
Bd5+ Kh7 41. Bg8+ Kh8 42. Bd5+ 1/2-1/2

[Event "Hasselbacken Open 2016"]
[Site "Stockholm SWE"]
[Date "2016.05.08"]
[Round "9.28"]
[White "Lindberg, Bo 1984"]
[Black "Tuomainen, Felix"]
[Result "1-0"]
[WhiteTitle "FM"]
[WhiteElo "2397"]
[BlackElo "2205"]
[WhiteFideId "1705997"]
[BlackFideId "1720813"]
[EventDate "2016.04.30"]

1. d4 Nf6 2. Nf3 g6 3. Nbd2 d5 4. b4 b6 5. e3 Bg7 6. Bb2 O-O 7. Be2 c5 8. bxc5
bxc5 9. dxc5 Na6 10. Bd4 Qa5 11. O-O Nxc5 12. Nb3 Nxb3 13. axb3 Qc7 14. Be5 Qb6
15. Qd4 Bf5 16. Ra6 Qb7 17. Ra2 a5 18. Rfa1 Rfc8 19. Ne1 Ne8 20. Bxg7 Nxg7 21.
Rxa5 Rxa5 22. Rxa5 Bxc2 23. Ba6 Qc7 24. Qd2 Qc3 25. Rxd5 1-0

[Event "Hasselbacken Open 2016"]
[Site "Stockholm SWE"]
[Date "2016.05.08"]
[Round "9.29"]
[White "Henriksson, Johan"]
[Black "Forsberg, Viktor"]
[Result "1/2-1/2"]
[WhiteTitle "FM"]
[BlackTitle "FM"]
[WhiteElo "2208"]
[BlackElo "2370"]
[WhiteFideId "1703560"]
[BlackFideId "1707914"]
[EventDate "2016.04.30"]

1. d4 Nf6 2. c4 g6 3. Nf3 Bg7 4. g3 b6 5. Bg2 Bb7 6. O-O O-O 7. Nc3 Ne4 8. Qd3
Nxc3 9. Qxc3 c5 10. Be3 Qc7 11. Qd2 cxd4 12. Bxd4 Bxd4 13. Qxd4 d6 14. Qh4 Kg7
15. Qd4+ Kg8 16. h4 Nd7 17. h5 Qc5 18. hxg6 hxg6 19. Rfd1 Nf6 20. Nh4 Rab8 21.
b3 Rfc8 22. Bxb7 Rxb7 23. Nf3 b5 24. Qxc5 Rxc5 25. Nd2 bxc4 26. Nxc4 d5 27. Ne3
e6 28. Rac1 Rbc7 29. Rxc5 Rxc5 30. Rd4 Ne4 31. Kg2 Kf8 32. f3 Nc3 33. Rd2 Ke7
34. Rc2 Kd6 35. Nc4+ dxc4 36. Rxc3 cxb3 37. Rxb3 Rc2 38. Ra3 Rxe2+ 39. Kh3 Rf2
40. f4 Ke7 41. Rxa7+ Kf6 42. Ra5 1/2-1/2

[Event "Hasselbacken Open 2016"]
[Site "Stockholm SWE"]
[Date "2016.05.08"]
[Round "9.30"]
[White "Malm Lindberg, Henrik"]
[Black "Aguera Naredo, Javier"]
[Result "1/2-1/2"]
[BlackTitle "FM"]
[WhiteElo "2208"]
[BlackElo "2369"]
[WhiteFideId "1702599"]
[BlackFideId "2204169"]
[EventDate "2016.04.30"]

1. e4 e5 2. Nf3 Nc6 3. Bb5 a6 4. Ba4 Nf6 5. O-O Nxe4 6. d4 b5 7. Bb3 d5 8. dxe5
Be6 9. c3 Bc5 10. Nbd2 O-O 11. Bc2 Bf5 12. Nb3 Bg6 13. Nfd4 Bxd4 14. cxd4 a5 15.
Be3 a4 16. Nd2 a3 17. Nxe4 axb2 18. Rb1 Bxe4 19. Rxb2 Bxc2 20. Qxc2 Qd7 21. Rc1
Ra6 22. Qb3 Na5 23. Qxb5 Qxb5 24. Rxb5 c6 25. Rb4 Nc4 26. a4 h6 27. g4 Rfa8 28.
Ra1 Nb6 29. Rab1 Nxa4 30. R1b3 Ra5 31. Rb8+ Kh7 32. Rxa8 Rxa8 33. Rb7 Kg8 34.
Rc7 Ra6 35. Rc8+ Kh7 36. Rc7 Kg8 37. Rc8+ Kh7 38. Rc7 Kg8 39. Rc8+ 1/2-1/2

[Event "Hasselbacken Open 2016"]
[Site "Stockholm SWE"]
[Date "2016.05.08"]
[Round "9.31"]
[White "Van Foreest, Lucas"]
[Black "Kolas, Tore"]
[Result "1-0"]
[WhiteElo "2368"]
[BlackElo "2187"]
[WhiteFideId "1039792"]
[BlackFideId "1502050"]
[EventDate "2016.04.30"]

1. e4 c5 2. Nf3 d6 3. Bd3 Nf6 4. c3 Nc6 5. Bc2 Bg4 6. d3 h6 7. Nbd2 e5 8. h3 Be6
9. Nf1 d5 10. Qe2 Qc7 11. Bd2 a6 12. Ng3 g6 13. O-O dxe4 14. dxe4 Bg7 15. Be3
Na5 16. Nd2 O-O 17. b3 Rad8 18. Rad1 Kh7 19. f4 exf4 20. Bxf4 Qe7 21. Rfe1 b5
22. Qf2 Nc6 23. Nf5 Bxf5 24. exf5 Qd7 25. Nf3 Nd5 26. Bd2 Nxc3 27. Qh4 Nd4 28.
Bxc3 Nxc2 29. Bxg7 Kxg7 30. f6+ 1-0

[Event "Hasselbacken Open 2016"]
[Site "Stockholm SWE"]
[Date "2016.05.08"]
[Round "9.32"]
[White "Rietze, Clemens"]
[Black "Hedin, Gunnar"]
[Result "1-0"]
[WhiteTitle "FM"]
[WhiteElo "2354"]
[BlackElo "2172"]
[WhiteFideId "24620351"]
[BlackFideId "1712381"]
[EventDate "2016.04.30"]

1. d4 e6 2. c4 Bb4+ 3. Bd2 a5 4. g3 Nf6 5. Bg2 d5 6. Qc2 O-O 7. Nf3 Ne4 8. O-O
Nxd2 9. Nfxd2 Be7 10. Nc3 c6 11. e3 f5 12. c5 Nd7 13. Na4 e5 14. dxe5 Nxe5 15.
Nb3 Bf6 16. Nd4 g6 17. Nb6 Ra7 18. Rfd1 Qe7 19. a3 Nd7 20. Na4 Ne5 21. b4 Bd7
22. Nb6 Kh8 23. Qb3 Rd8 24. Rac1 axb4 25. axb4 Be8 26. b5 Bg7 27. Qb4 Qf6 28.
Bf1 g5 29. Bg2 f4 30. exf4 gxf4 31. gxf4 Qxf4 32. Nxc6 Qxb4 33. Nxb4 Bxb5 34.
N6xd5 Bf8 35. f4 Nc4 36. Nd3 Rc8 37. Nc3 Bc6 38. Bxc6 bxc6 39. Ne4 Ne3 40. Re1
Nf5 41. Kf2 Be7 42. Ng3 Bh4 43. Re5 Ra2+ 44. Kf3 Nd4+ 45. Ke3 Rd8 46. Rc4 Bxg3
47. Rxd4 Rxd4 48. Kxd4 Ra4+ 49. Ke3 Bxh2 50. Rg5 Rc4 51. f5 h6 52. Rg2 Rh4 53.
f6 Rh3+ 54. Ke4 Rh4+ 55. Ke3 Rh3+ 56. Ke4 Rh4+ 57. Kf5 Rd4 58. f7 Rd8 59. Rxh2
Kg7 60. Ne5 Rf8 61. Rg2+ 1-0